Statistics for World Leaders Quiz #3

Click here to take the quiz!

General Stats

  • This quiz has been taken 273 times
    (86 since last reset)
  • The average score is 12 of 30

Answer Stats

PositionYearsLeader% Correct
Iraqi Dictator1979-2003Saddam Hussein
91%
Soviet Leader1985-1991Mikhail Gorbachev
90%
Ethiopian Emperor1930-1974Haile Selassie
71%
Soviet Leader1964-1982Leonid Brezhnev
68%
Belarusian President1994-Alexander Lukashenko
65%
General Emir of
al-Qaeda
1988-2011Osama bin Laden
63%
Hungarian P.M.1998-2002,
2010-
Viktor Orbán
59%
Indonesian President1968-1998Suharto
55%
Haitian President1957-1971François Duvalier
50%
Solidarity Chairman;
Polish President
1980-1995Lech Wałęsa
50%
Prince of Monaco2005-Albert II
49%
New Zealand P.M.2017-Jacinda Ardern
49%
Serbian President1991-1997Slobodan Milošević
46%
Moroccan King1999-Mohammed IV
42%
Peruvian President1990-2000Alberto Fujimori
38%
Polish President2015-Andrzej Duda
35%
Singaporean P.M.1959-1990Lee Kuan Yew
33%
Burmese
State Counsellor
2016-2021Aung San Suu Kyi
29%
Moroccan King1961-1999Hassan II
28%
Liberian President2018-George Weah
27%
Rwandan President2000-Paul Kagame
24%
Turkmen President1990-2006Saparmurat Niyazov
24%
Kenyan President2013-2022Uhuru Kenyatta
24%
Liberian President1997-2003Charles Taylor
21%
Sudanese President1989-2019Omar al-Bashir
18%
Liberian President2006-2018Ellen Johnson
Sirleaf
14%
Colombian President2010-2018Juan Manuel Santos
14%
Greek P.M.1981-1989,
1993-1996
Andreas
Papandreou
13%
Bangladeshi P.M.1996-2001,
2009-
Sheikh Hasina
13%
New Zealand P.M.2008-2016John Key
12%

Score Distribution

Percentile by Number Answered

Percent of People with Each Score

Your Score History

You have not taken this quiz since the last reset